000 00538nmm a2200169Ia 4500
008 251105s9999||||xx |||||||||||||||||und||
020 _a8489564523
041 _aspa
100 _aRins, Silvia
245 0 _aLas grandes películas asiáticas : espiritualidad, violencia y erotismo en el cine oriental
264 _a[Madrid, España] :
_bEdiciones JC Clementine,
_c2007
300 _a352 páginas
490 _aColección Imágenes
650 _aFilm studies
856 _uhttps://public.digitaliapublishing.com/a/8980
942 _cCF
999 _c73907
_d73907